Sardar Vallabhai Patel/ (Record no. 204763)

MARC details
000 -LEADER
fixed length control field 00675nam a22001937a 4500
005 - DATE AND TIME OF LATEST TRANSACTION
control field 20240802151349.0
010 ## - LCCN (DPL NO)
LC control number ENG-141163
020 ## - INTERNATIONAL STANDARD BOOK NUMBER
International Standard Book Number 9788196111656
Terms of availability 995.00
035 ## - SYSTEM CONTROL NUMBER
System control number EN-124695
037 ## - SOURCE OF ACQUISITION
Source of stock number/acquisition DBAD
082 ## - DEWEY DECIMAL CLASSIFICATION NUMBER
Classification number 921
100 ## - MAIN ENTRY--PERSONAL NAME
Personal name Rakesh Kumar Singh
245 ## - TITLE STATEMENT
Title Sardar Vallabhai Patel/
Statement of responsibility, etc Writer Rakesh Kumar Singh
Medium English
Remainder of title His Contribution to India's Freedom Struggle
260 ## - PUBLICATION, DISTRIBUTION, ETC. (IMPRINT)
Place of publication, distribution, etc New Delhi
Name of publisher, distributor, etc Barkha Publications
Date of publication, distribution, etc 2023
270 ## - ADDRESS
Address 111, Street No. 4, Harphool Vihar, Bapraula
City New Delhi
Postal code 110043
Telephone number 9711794351
Electronic mail address barkhapublications@gmail.com
300 ## - PHYSICAL DESCRIPTION
Extent 310p.;
Dimensions 22cm(hb)
700 ## - ADDED ENTRY--PERSONAL NAME
Personal name Rakesh
9 (RLIN) 69267
942 ## - ADDED ENTRY ELEMENTS (KOHA)
Source of classification or shelving scheme Dewey Decimal Classification
Item type English Books
Classification part 921
Call number suffix Rak
Holdings
Withdrawn status Lost status Not for loan Collection code Home library Current library Date acquired Source of acquisition Cost, normal purchase price Full call number Barcode Copy number Cost, replacement price Koha item type
      Non-fiction Shahdara Branch Shahdara Branch 02/08/2024 DBAD 995.00 921 RAK EN-124695 1 995.00 English Books

© Delhi Public Library
Hit Counter
free hit counter